Проектирование биотехнических систем медицинского назначения. Средства оценки состояния биообъектов: учебник для вузов

Dettagli Bibliografici
Autore principale: Кореневский Н. А. Николай Алексеевич
Altri autori: Юлдашев З. М. Зафар Мухамедович
Riassunto:Рассматриваются вопросы проектирования измерительных систем для оценки состояния биообъектов в биотехнических системах различных типов и назначений. Особое внимание уделено применению средств микроэлектроники и аналоговых интерфейсов. Основная цель учебника — изложение материала в последовательности и объёме, которые полностью соответствуют требованиям образовательного стандарта по дисциплинам "Проектирование биомедицинской и экологической техники", "Проектирование биотехнических систем медицинского назначения" в рамках направления подготовки "Биотехнические системы и технологии".
Lingua:russo
Pubblicazione: Старый Оскол, ТНТ, 2018
Soggetti:
Natura: MixedMaterials Libro
KOHA link:https://koha.lib.tpu.ru/cgi-bin/koha/opac-detail.pl?biblionumber=344688

MARC

LEADER 00000nam0a2200000 4500
001 344688
005 20231102005706.0
010 |a 9785941785612 
035 |a (RuTPU)RU\TPU\book\376388 
090 |a 344688 
100 |a 20200326d2018 m y0rusy50 ca 
101 0 |a rus 
102 |a RU 
105 |a a j 001zy 
200 1 |a Проектирование биотехнических систем медицинского назначения. Средства оценки состояния биообъектов  |e учебник для вузов  |f Н. А. Кореневский, З. М. Юлдашев 
210 |a Старый Оскол  |c ТНТ  |d 2018 
215 |a 456 с.  |c ил. 
320 |a Библиогр.: с. 448-455 
330 |a Рассматриваются вопросы проектирования измерительных систем для оценки состояния биообъектов в биотехнических системах различных типов и назначений. Особое внимание уделено применению средств микроэлектроники и аналоговых интерфейсов. Основная цель учебника — изложение материала в последовательности и объёме, которые полностью соответствуют требованиям образовательного стандарта по дисциплинам "Проектирование биомедицинской и экологической техники", "Проектирование биотехнических систем медицинского назначения" в рамках направления подготовки "Биотехнические системы и технологии". 
606 1 |a Медицинская техника  |2 stltpush  |3 (RuTPU)RU\TPU\subj\41798  |9 61577 
610 1 |a биотехнические системы 
610 1 |a проектирование 
610 1 |a биообъекты 
610 1 |a состояние 
610 1 |a оценка 
610 1 |a технические средства 
610 1 |a биоэлектрическая активность 
610 1 |a измерительные преобразователи 
610 1 |a электрические параметры 
610 1 |a биопотенциалы 
610 1 |a регистрация 
610 1 |a аналоговые изображения 
610 1 |a интерфейсы 
610 1 |a неэлектрические характеристики 
610 1 |a измерительная техника 
610 1 |a фотометрические исследования 
610 1 |a фотометры 
610 1 |a пульсометры 
610 1 |a томографы 
610 1 |a ультразвуковые исследования 
610 1 |a ультразвуковые медицинские аппараты 
610 1 |a психологические исследования 
610 1 |a телемедицина 
610 1 |a телемедицинские информационные системы 
610 1 |a учебники 
675 |a 615.47(075.8)  |v 4 
700 1 |a Кореневский  |b Н. А.  |g Николай Алексеевич 
701 1 |a Юлдашев  |b З. М.  |g Зафар Мухамедович 
801 1 |a RU  |b 63413507  |c 20200326 
801 2 |a RU  |b 63413507  |c 20200623  |g RCR 
942 |c BK 
959 |a 6/20200225  |d 5  |e 980,00  |f УФ:4  |f ЧЗТЛ:1